000 00375cam a2200121 4500
008 090217n 000 0 eng u
035 _a(Sirsi) a164154
050 _aPN 4781 REP 1982
245 _aEffective writing and editing :
_ba guidebook for newspapers
260 _aVirginia :
_bAmerican press institute,
_c1985
300 _a59p.
650 _aReporters and reporting
999 _c111429
_d111429